| 000 | 00499nam a2200181Ia 4500 | ||
|---|---|---|---|
| 005 | 20250508150210.0 | ||
| 008 | 008 250505s9999 xx 000 0 eng d | ||
| 037 | _aTextual | ||
| 040 |
_aFEDL _beng _cFEDL |
||
| 041 |
_aeng _2eng |
||
| 084 |
_a942, TRE _qFEDL |
||
| 100 | _aTrevelyan George Macaulay | ||
| 245 | 0 | _aEngland under the stuarts | |
| 260 |
_aLondon, UK _bMethuen and Company Limited _c1947 |
||
| 300 | _a466p. | ||
| 942 |
_cTEXL _h942, TRE |
||
| 999 |
_c1322340 _d1322340 |
||